| 000 | 00832nab a2200253 4500 | ||
|---|---|---|---|
| 003 | BR-BrBNA | ||
| 005 | 20251230164357.0 | ||
| 008 | 251229b bl.||||| |||| 00| 0 por d | ||
| 040 |
_aBR-BrBNA _bpor |
||
| 072 |
_aL01 ; D50 ; Q02 ; E40 ; E70 _b5213 |
||
| 100 | _aOndei, Vera | ||
| 245 |
_aGaúchos de butique _bAgronegócios |
||
| 500 | _a3 illus. | ||
| 650 | _aGADO ABERDEEN ANGUS | ||
| 650 | _aCARNE | ||
| 650 | _aSELO DE QUALIDADE | ||
| 650 | _aCERTIFICAÇÃO | ||
| 650 | _aCOOPERATIVA DE PRODUTORES | ||
| 650 | _aCOMERCIALIZAÇÃO | ||
| 650 | _aRIO GRANDE DO SUL | ||
| 773 | 0 |
_01706 _9348086 _dSão Paulo-SP Editora Três Ltda - E-mail: luizfsa@revistadinheiro.com.br 2004 _o2025-0579 _tDinheiro Rural (Brazil) _x1807-3700 _gv. 9(106) p. 48-52; (Aug 2013) _wBR2025005346 |
|
| 942 | _cANA | ||
| 999 |
_c339655 _d339655 |
||